Ciudades capitales con el mismo nombre del país - Estadísticas

Estadísticas generales
  • Esta prueba ha sido intentada 176 veces
  • La puntuación promedio es 9 de 11
Estadísticas de respuestas
País / Capital % Correcto
Mexico
94%
Panama
90%
Luxemburgo
89%
Ciudad del Vaticano
88%
Guatemala
88%
San Marino
88%
Monaco
87%
Tunez
75%
Singapur
69%
Kuwait
61%
Yibuti
53%
No se encontraron pruebas coincidentes
Distribución de puntuación
Porcentaje de gente con cada puntuación
Porcentaje por número respondido
Historial de tus puntuaciones
No has intentado esta prueba.